00581nam a2200193Ia 4500003000400000005001700004008004100021020001500062040000700077082001600084100001800100245013000118250000700248260004800255300002500303500001900328600002000347650002000367OSt20241022101517.0240925s9999 xx 000 0 und d a9837210568 cdf a332.024 GRI aGriffeth Bill 0aBill Griffeth's 10 steps to financial prosperity: CNBC's award winning anchor shows you how to achieve financial independence aNA aKuala Lumpur:bGolden Books SDN.BHDc,1994. a420p.bN.AfOriginal aIncludes Index aSocial Sciences aSocial Sciences